[Foc? : al bosc, no juguem amb foc] al bosc, no juguem amb foc]
Descripción Física:
1 cartró ; 21 x 7 plegat 5 x 7 cm
MARC
| LEADER | 00000nam a2200000Ia 4500 | ||
|---|---|---|---|
| 001 | 24507 | ||
| 008 | 160829s9999 xx 000 0 cat d | ||
| 080 | |a NBM-12-8 | ||
| 245 | |a [Foc? : |b al bosc, no juguem amb foc] | ||
| 260 | |a [Barcelona] : |b [Diputació de Barcelona], [s.a.] | ||
| 300 | |a 1 cartró ; |c 21 x 7 plegat 5 x 7 cm | ||
| 710 | 1 | |a Barcelona (Catalunya : Província). |b Diputació |9 52408 | |
| 901 | |a Arxiu | ||
| 942 | |n 1 | ||
| 952 | |0 0 |1 0 |4 0 |6 NBM128 |7 1 |9 55172 |a Arxiu |b Arxiu |d 2016-12-01 |l 0 |o NBM-12-8 |p 24507 |r 2016-12-01 00:00:00 |w 2016-12-01 |y ARXIU | ||
| 999 | |c 59044 |d 59044 | ||